| 000 | 01329nac a22002891u 4500 | ||
|---|---|---|---|
| 008 | 100915t xxu||||| |||| 00| 0 eng d | ||
| 010 | _a 90656038 | ||
| 035 | _a(OCoLC)ocm10564134 | ||
| 082 | 0 | 0 |
_a629.13251 _bFED |
| 100 |
_a20080729 _919328 |
||
| 245 | 0 | 0 |
_aFederal Radionavigation Plan,1986 / _cUnited States. Dept. of Defense and Dept. of Transportation |
| 246 | 3 | 0 | _aFederal radio navigation plan |
| 260 |
_aWashington, D.C. : _bU.S. Dept. of Defense and Dept. of Transportation ; _c[1987]. |
||
| 300 |
_a1 v. (various pagings) : _bill. ; _c28 cm. |
||
| 500 | _aTitle from cover. | ||
| 500 | _aLatest issue consulted: 1986. | ||
| 500 | _aDonations. | ||
| 500 | _aDonations - Bibliotheca Alexandrina. | ||
| 650 | 0 |
_aAids to air navigation _zUnited States _vPeriodicals. _919329 |
|
| 650 | 0 |
_aRadio in navigation _zUnited States _vPeriodicals. _919330 |
|
| 650 | 0 |
_aRadio in aeronautics _vPeriodicals. _919331 |
|
| 650 | 0 |
_aNavigation _zUnited States _xPlanning _vPeriodicals. _919332 |
|
| 710 | 1 |
_aUnited States. _bDept. of Defense. _919333 |
|
| 710 | 1 |
_aUnited States. _bDept. of Transportation. _919334 |
|
| 942 |
_cBB _k629.13251 FED _2ddc |
||
| 999 |
_c3506 _d3506 |
||